000
00329nam a2200121Ia 4500
008
190415s9999 xx 000 0 und d
082
_a
RR 491.46321 mar-
100
_a
Joshi, Lakshman Shastri
245
0
_a
Marathi vishv kosh
260
_a
Mumbai
_b
Maharashtra rajya Sahitya Sanskriti
_c
1973
300
_a
xviii 328p
942
_c
BK
999
_c
16832
_d
16832